[Event "Velez op 10th"]
[Site "Velez Santander"]
[Date "2023.11.05"]
[Round "9"]
[White "Arango, Santiago"]
[Black "Santagada, Hector Ricardo"]
[Result "1/2-1/2"]
[WhiteElo "2006"]
[BlackElo "1775"]
[PlyCount "101"]
[EventDate "2023.11.01"]
[EventType "swiss"]
[EventRounds "10"]
[EventCountry "COL"]
[SourceTitle "Mega2024 Update 01"]
[Source "Chessbase"]
[SourceDate "2023.11.12"]
[SourceVersion "1"]
[SourceVersionDate "2023.11.12"]
[SourceQuality "1"]

1. e4 c6 2. d4 d5 3. e5 Bf5 4. Nf3 e6 5. Be2 c5 6. c3 Nc6 7. 0-0 Nge7 8. Qa4 Bg4 9. dxc5 Bxf3 10. Bxf3 Ng6 11. Re1 Qd7 12. b4 Ncxe5 13. Qxd7+ Kxd7 14. Be2 a6 15. Nd2 Be7 16. Nb3 Bf6 17. Bd2 Nc6 18. Rad1 Ke7 19. g3 Rhd8 20. a4 Kf8 21. Rc1 Nce5 22. Na5 Rab8 23. Be3 Ne7 24. b5 axb5 25. axb5 Rdc8 26. Nb3 Nc4 27. Bxc4 dxc4 28. Na5 Nd5 29. Bd4 Bxd4 30. cxd4 c3 31. Nc4 b6 32. c6 Ke7 33. Ne3 Nc7 34. Rb1 Rd8 35. Rb3 Kf6 36. Rc1 Rxd4 37. Rcxc3 Ke7 38. Rc4 Rbd8 39. Kg2 Rxc4 40. Nxc4 Rd5 41. Nxb6 Rxb5 42. Rd3 Rxb6 43. Rd7+ Kf6 44. Rxc7 Rb3 45. Ra7 Rc3 46. c7 g6 47. h4 h5 48. Kg1 Rc1+ 49. Kg2 Rc3 50. Kg1 Rc1+ 51. Kg2 1/2-1/2

[Event "Velez op 10th"]
[Site "Velez Santander"]
[Date "2023.11.03"]
[Round "5"]
[White "Arango, Santiago"]
[Black "Vivas Zamora, Fabian Ernesto"]
[Result "0-1"]
[WhiteElo "2006"]
[BlackElo "2375"]
[PlyCount "70"]
[EventDate "2023.11.01"]
[EventType "swiss"]
[EventRounds "10"]
[EventCountry "COL"]
[SourceTitle "Mega2024 Update 01"]
[Source "Chessbase"]
[SourceDate "2023.11.12"]
[SourceVersion "1"]
[SourceVersionDate "2023.11.12"]
[SourceQuality "1"]

1. e4 e5 2. Nf3 Nc6 3. Bb5 a6 4. Ba4 Nf6 5. 0-0 Nxe4 6. d4 b5 7. Bb3 d5 8. dxe5 Be6 9. Nbd2 Be7 10. a4 b4 11. Qe2 Nc5 12. a5 0-0 13. h3 f6 14. exf6 Bxf6 15. Rd1 Kh8 16. Nf1 Qd7 17. Ne3 Rae8 18. Qf1 Nxb3 19. cxb3 d4 20. Nc4 Bd5 21. Ne1 Bh4 22. Nd3 Rf6 23. Bf4 Qf5 24. Bxc7 Qg5 25. g3 Qf5 26. Kh2 Bg5 27. Nd6 Rxd6 28. Bxd6 Bxb3 29. Re1 Rd8 30. Bf4 Bxf4 31. Nxf4 d3 32. Qxd3 Rxd3 33. Nxd3 Qxd3 34. Re8+ Bg8 35. Rc1 Qd2 0-1

[Event "Manizales Las Americas op-A"]
[Site "Manizales"]
[Date "2021.10.14"]
[Round "1"]
[White "Arango, Santiago"]
[Black "Torres, Juan Camilo"]
[Result "1/2-1/2"]
[WhiteElo "2023"]
[BlackElo "2273"]
[PlyCount "71"]
[EventDate "2021.10.14"]
[EventType "swiss"]
[EventRounds "10"]
[EventCountry "COL"]
[SourceTitle "CBM 204 Extra"]
[Source "ChessBase"]
[SourceDate "2021.11.30"]
[SourceVersion "1"]
[SourceVersionDate "2021.11.30"]
[SourceQuality "1"]

1. e4 c5 2. Nf3 e6 3. d4 cxd4 4. Nxd4 a6 5. Nc3 Qc7 6. g3 Nf6 7. Bg2 Be7 8. 0-0 d6 9. a4 Nc6 10. b3 0-0 11. Bb2 Bd7 12. Kh1 Rac8 13. f4 Rfd8 14. f5 Nxd4 15. Qxd4 b5 16. fxe6 fxe6 17. axb5 axb5 18. Ra7 Qc5 19. Qxc5 Rxc5 20. Rb7 Rdc8 21. Nd1 R5c7 22. Rxc7 Rxc7 23. Ne3 Bc6 24. e5 Bxg2+ 25. Kxg2 Nd5 26. Nxd5 Rxc2+ 27. Rf2 Rxf2+ 28. Kxf2 exd5 29. Ke3 Kf7 30. e6+ Kg6 31. g4 h6 32. Ba3 Kf6 33. Bb2+ Kg6 34. Ba3 Kf6 35. Bb2+ Kg6 36. g5 1/2-1/2

[Event "COL-ch U2200"]
[Site "Moniquira"]
[Date "2019.07.21"]
[Round "5"]
[White "Arango, Santiago"]
[Black "Corradine, Jorge Ricardo"]
[Result "0-1"]
[WhiteElo "2026"]
[BlackElo "2143"]
[PlyCount "56"]
[EventDate "2018.07.19"]
[EventType "swiss"]
[EventRounds "7"]
[EventCountry "COL"]
[SourceTitle "EXT 2021"]
[Source "ChessBase"]
[SourceDate "2020.10.23"]
[SourceVersion "1"]
[SourceVersionDate "2020.10.23"]
[SourceQuality "1"]

1. e4 c5 2. Nf3 e6 3. Nc3 a6 4. d4 cxd4 5. Nxd4 Qc7 6. g3 Nf6 7. Bg2 Nc6 8. 0-0 d6 9. Nxc6 bxc6 10. Re1 Be7 11. Be3 Rb8 12. Rb1 0-0 13. g4 Nd7 14. f4 Nb6 15. b3 d5 16. Kh1 Rd8 17. Bxb6 Rxb6 18. Qf3 Bb4 19. Rf1 a5 20. Na4 Rb8 21. f5 Bd6 22. Qh3 Rb4 23. c3 Rb8 24. Rb2 Ba6 25. c4 dxc4 26. Rc1 Be5 27. Rbc2 cxb3 28. Rxc6 Qxc6 0-1

[Event "Gachantiva op 9th"]
[Site "Gachantiva"]
[Date "2019.06.24"]
[Round "6"]
[White "Sierra Fonseca, Edwin Andres"]
[Black "Arango, Santiago"]
[Result "1/2-1/2"]
[WhiteElo "2237"]
[BlackElo "2007"]
[PlyCount "79"]
[EventDate "2019.06.21"]
[EventType "swiss"]
[EventRounds "7"]
[EventCountry "COL"]
[SourceTitle "CBM 191 Extra"]
[Source "ChessBase"]
[SourceDate "2019.09.30"]
[SourceVersion "1"]
[SourceVersionDate "2019.09.30"]
[SourceQuality "1"]

1. d4 d6 2. Bf4 Nf6 3. e3 g6 4. h3 Bg7 5. Nf3 0-0 6. Be2 c5 7. Nbd2 b6 8. 0-0 Ba6 9. c4 cxd4 10. exd4 d5 11. c5 Bxe2 12. Qxe2 bxc5 13. dxc5 Nfd7 14. Rac1 Nc6 15. Qd3 Bxb2 16. Rb1 Nde5 17. Qa6 Qc8 18. Qe2 Nxf3+ 19. Qxf3 Qf5 20. Rxb2 Nd4 21. Qe3 Qxf4 22. Qxe7 Rfe8 23. Qd7 Rad8 24. Qg4 Qxg4 25. hxg4 Rc8 26. Nb3 Nxb3 27. axb3 Rxc5 28. Ra2 Re7 29. Rd1 Rb5 30. Rd3 Kg7 31. Kh2 Reb7 32. f3 Rxb3 33. Rxd5 Kf6 34. Ra6+ Ke7 35. Kg3 R3b6 36. Ra3 Rd6 37. Re5+ Kd7 38. Rea5 Rdb6 39. Rxa7 Rxa7 40. Rxa7+ 1/2-1/2

[Event "Pan American-ch Seniors 50"]
[Site "Neiva"]
[Date "2017.10.14"]
[Round "6"]
[White "Arango, Santiago"]
[Black "Tempone, Marcelo"]
[Result "1/2-1/2"]
[WhiteElo "1997"]
[BlackElo "2411"]
[PlyCount "101"]
[EventDate "2017.10.11"]
[EventType "swiss"]
[EventRounds "9"]
[EventCountry "COL"]
[SourceTitle "CBM 181 Extra"]
[Source "ChessBase"]
[SourceDate "2017.12.12"]
[SourceVersion "1"]
[SourceVersionDate "2017.12.12"]
[SourceQuality "1"]

1. e4 d6 2. d4 Nf6 3. f3 c5 4. Ne2 e6 5. Nbc3 cxd4 6. Nxd4 Nc6 7. Be3 a6 8. Qd2 Be7 9. 0-0-0 Qc7 10. g4 Ne5 11. g5 Nfd7 12. Qe2 Nb6 13. Rg1 0-0 14. f4 Nec4 15. Bf2 d5 16. Qf3 Bb4 17. Bxc4 Qxc4 18. Nde2 dxe4 19. Qxe4 Bxc3 20. Nxc3 Qxe4 21. Nxe4 Nd5 22. Bc5 Re8 23. Nd6 Rd8 24. Nc4 b5 25. Nb6 Rb8 26. Nxd5 exd5 27. Rge1 Bg4 28. Rd2 Re8 29. Rg1 Bf3 30. Rf2 Be4 31. c3 Rec8 32. b4 Rc6 33. Kb2 f6 34. gxf6 Rxf6 35. Bd4 Rg6 36. Rxg6 hxg6 37. Kc1 Kf7 38. Kd2 Rh8 39. Kc1 Rh4 40. Kb2 Rg4 41. a4 bxa4 42. Ka3 Rg1 43. Kxa4 Ra1+ 44. Kb3 Bd3 45. Rd2 Bc4+ 46. Kb2 Rf1 47. Rf2 Re1 48. Kc2 Re8 49. Kd2 Rh8 50. Ke3 Rh7 51. Kf3 1/2-1/2

[Event "COL-ch Amateur U2300"]
[Site "Bogota"]
[Date "2017.03.05"]
[Round "6"]
[White "Estrella Becerra, Fernando"]
[Black "Arango, Santiago"]
[Result "1-0"]
[WhiteElo "1914"]
[BlackElo "2004"]
[PlyCount "95"]
[EventDate "2017.03.02"]
[EventType "swiss"]
[EventRounds "7"]
[EventCountry "COL"]
[SourceTitle "CBM 177 Extra"]
[Source "ChessBase"]
[SourceDate "2017.04.27"]
[SourceVersion "1"]
[SourceVersionDate "2017.04.27"]
[SourceQuality "1"]

1. c4 e5 2. Nc3 Nf6 3. Nf3 Nc6 4. g3 d5 5. cxd5 Nxd5 6. Bg2 Nb6 7. d3 Be7 8. a3 0-0 9. 0-0 Bg4 10. b4 a6 11. Bb2 f5 12. Rc1 Bf6 13. Ba1 Qe8 14. Qc2 Kh8 15. e3 Rd8 16. b5 axb5 17. Nxb5 Nb4 18. axb4 Qxb5 19. Qxc7 Nd5 20. Qc4 Qxc4 21. Rxc4 b5 22. Rc5 Bxf3 23. Bxf3 Nxb4 24. Bxe5 Nxd3 25. Bxf6 Nxc5 26. Bxd8 Rxd8 27. Rc1 Nb3 28. Rc2 b4 29. Rb2 Nd2 30. Bd1 Nc4 31. Rxb4 Rxd1+ 32. Kg2 Nxe3+ 33. Kf3 g6 34. Kxe3 Rd7 35. Kf4 Kg7 36. Rb6 Re7 37. h4 h6 38. f3 Ra7 39. Rd6 Ra4+ 40. Ke5 Ra5+ 41. Rd5 Rxd5+ 42. Kxd5 Kf6 43. f4 h5 44. Kd6 Kf7 45. Kd7 Kf6 46. Ke8 Ke6 47. Kf8 Kf6 48. Kg8 1-0

[Event "COL sub zt 2.3.4"]
[Site "La Dorada"]
[Date "2016.11.06"]
[Round "8"]
[White "Arango, Santiago"]
[Black "Oliveros, Camilo"]
[Result "0-1"]
[WhiteElo "2062"]
[BlackElo "1882"]
[PlyCount "90"]
[EventDate "2016.11.02"]
[EventType "swiss"]
[EventRounds "9"]
[EventCountry "COL"]
[SourceTitle "CBM 175 Extra"]
[Source "ChessBase"]
[SourceDate "2016.12.12"]
[SourceVersion "1"]
[SourceVersionDate "2016.12.12"]
[SourceQuality "1"]

1. e4 e5 2. Nf3 Nc6 3. Bb5 a6 4. Ba4 Nf6 5. 0-0 b5 6. Bb3 Be7 7. Re1 d6 8. c3 0-0 9. h3 Na5 10. Bc2 c5 11. d4 Qc7 12. Nbd2 Rd8 13. d5 c4 14. Nf1 Nb7 15. a4 Bd7 16. Be3 Nc5 17. a5 Rab8 18. g4 g6 19. Ng3 b4 20. cxb4 Rxb4 21. Nd2 Rdb8 22. Qc1 Bd8 23. f4 R8b5 24. fxe5 dxe5 25. Bb1 Na4 26. Ne2 Qxa5 27. Nc3 Rb7 28. Bc2 Bb6 29. Nf1 Bd4 30. Qd1 Bxc3 31. bxc3 Rb3 32. Bxb3 cxb3 33. Qf3 Ne8 34. Bd2 Qc5+ 35. Kg2 Bb5 36. Rab1 Bc4 37. Ne3 Bd3 38. Ra1 b2 39. Rxa4 b1Q 40. Rxb1 Rxb1 41. Kg3 Nd6 42. g5 Qb5 43. Ng4 Qxa4 44. Nf6+ Kg7 45. Qxd3 Qd1 0-1

[Event "COL sub zt 2.3.4"]
[Site "La Dorada"]
[Date "2016.11.06"]
[Round "7"]
[White "Ospina Loaiza, Jhonny"]
[Black "Arango, Santiago"]
[Result "1-0"]
[WhiteElo "1939"]
[BlackElo "2062"]
[PlyCount "71"]
[EventDate "2016.11.02"]
[EventType "swiss"]
[EventRounds "9"]
[EventCountry "COL"]
[SourceTitle "CBM 175 Extra"]
[Source "ChessBase"]
[SourceDate "2016.12.12"]
[SourceVersion "1"]
[SourceVersionDate "2016.12.12"]
[SourceQuality "1"]

1. e4 e6 2. d4 d5 3. Bd3 c5 4. exd5 Qxd5 5. Nc3 Qxd4 6. Nf3 Qd8 7. Bf4 a6 8. Qe2 Nf6 9. 0-0-0 Qa5 10. Rhe1 Nc6 11. Bc4 Be7 12. g4 0-0 13. g5 Nh5 14. Bd2 Qc7 15. a4 g6 16. Qe4 Bd7 17. Qh4 b5 18. Be2 bxa4 19. Ne4 a3 20. bxa3 c4 21. Bxc4 Bxa3+ 22. Kb1 Rfb8+ 23. Bb3 Na5 24. Bxa5 Qxa5 25. Rxd7 Rxb3+ 26. cxb3 Qb5 27. Ka2 Qxd7 28. Qxh5 Be7 29. Qh6 Qd3 30. Nf6+ Bxf6 31. gxf6 Qc2+ 32. Ka3 Qc5+ 33. Kb2 Qf8 34. Qxf8+ Kxf8 35. Rd1 Rd8 36. Rxd8# 1-0

[Event "COL sub zt 2.3.4"]
[Site "La Dorada"]
[Date "2016.11.04"]
[Round "5"]
[White "Valencia, Carlos Antonio"]
[Black "Arango, Santiago"]
[Result "1/2-1/2"]
[WhiteElo "1910"]
[BlackElo "2062"]
[PlyCount "107"]
[EventDate "2016.11.02"]
[EventType "swiss"]
[EventRounds "9"]
[EventCountry "COL"]
[SourceTitle "CBM 175 Extra"]
[Source "ChessBase"]
[SourceDate "2016.12.12"]
[SourceVersion "1"]
[SourceVersionDate "2016.12.12"]
[SourceQuality "1"]

1. e4 c5 2. Nf3 Nc6 3. d4 cxd4 4. Nxd4 g6 5. Nc3 Bg7 6. Be3 Nf6 7. Be2 0-0 8. Nb3 d6 9. f3 Be6 10. g4 Na5 11. Bd4 Bc4 12. g5 Bxe2 13. Qxe2 Nh5 14. Bxg7 Kxg7 15. Nxa5 Qxa5 16. Qb5 Qxb5 17. Nxb5 Rfc8 18. Nc3 Nf4 19. h4 Rc5 20. Rd1 b5 21. Rd2 Rac8 22. Rhh2 b4 23. Ne2 Nxe2 24. Rhxe2 Ra5 25. Rd4 Rb8 26. c3 bxc3 27. bxc3 Rb1+ 28. Rd1 Rab5 29. Red2 h6 30. f4 hxg5 31. hxg5 f6 32. gxf6+ Kxf6 33. Rxb1 Rxb1+ 34. Ke2 Rh1 35. Ke3 Rh3+ 36. Kd4 Rf3 37. e5+ Ke6 38. exd6 exd6 39. Re2+ Kf5 40. Re7 Rxf4+ 41. Kd5 Ra4 42. Rf7+ Kg4 43. Rf6 g5 44. Rxd6 Rxa2 45. c4 Rd2+ 46. Ke5 Rc2 47. Kd5 Rd2+ 48. Ke5 Rxd6 49. Kxd6 Kf4 50. c5 g4 51. c6 g3 52. c7 g2 53. c8Q g1Q 54. Qc4+ 1/2-1/2

[Event "Gachantiva Boyaca Cup"]
[Site "Gachantiva"]
[Date "2016.06.05"]
[Round "4"]
[White "Arango, Santiago"]
[Black "Ruiz Aguilar, Pablo Alexander"]
[Result "1/2-1/2"]
[WhiteElo "2062"]
[BlackElo "2255"]
[PlyCount "51"]
[EventDate "2016.06.04"]
[EventType "swiss"]
[EventRounds "6"]
[EventCountry "COL"]
[SourceTitle "CBM 172 Extra"]
[Source "ChessBase"]
[SourceDate "2016.06.21"]
[SourceVersion "1"]
[SourceVersionDate "2016.06.21"]
[SourceQuality "1"]

1. e4 c5 2. Nf3 a6 3. c4 Nc6 4. d4 cxd4 5. Nxd4 Nf6 6. Nc3 d6 7. Be2 g6 8. Be3 Bg7 9. Rc1 0-0 10. 0-0 Bd7 11. Kh1 Rc8 12. b3 Qa5 13. Qd2 Nxd4 14. Qxd4 Ng4 15. Qd2 Nxe3 16. Qxe3 Rfe8 17. a4 Bc6 18. Nd5 Bxd5 19. exd5 Qb4 20. g3 Rc5 21. f4 Rc7 22. Qd3 Qc5 23. Rb1 a5 24. Bg4 f5 25. Bf3 Ra8 26. Rbe1 1/2-1/2

[Event "Bogota Distrital-ch 78th"]
[Site "Bogota"]
[Date "2016.04.08"]
[Round "1"]
[White "Arango, Santiago"]
[Black "Fraile Vela, Maria Isabel"]
[Result "1-0"]
[WhiteElo "2064"]
[BlackElo "1594"]
[PlyCount "55"]
[EventDate "2016.04.08"]
[EventType "swiss"]
[EventRounds "6"]
[EventCountry "COL"]
[SourceTitle "CBM 172 Extra"]
[Source "ChessBase"]
[SourceDate "2016.06.21"]
[SourceVersion "1"]
[SourceVersionDate "2016.06.21"]
[SourceQuality "1"]

1. d4 d5 2. Nf3 Nf6 3. c4 e6 4. g3 Be7 5. Bg2 0-0 6. 0-0 b6 7. cxd5 exd5 8. Ne5 Bb7 9. Qa4 Nfd7 10. Nc3 Nxe5 11. dxe5 Bc6 12. Qb3 d4 13. Rd1 Bxg2 14. Kxg2 Nc6 15. Bf4 Bg5 16. Bxg5 Qxg5 17. f4 Qf5 18. Nd5 Qe4+ 19. Qf3 Qxf3+ 20. Kxf3 Rfd8 21. e4 dxe3 22. Rac1 Na5 23. Rxc7 Kf8 24. b4 Rac8 25. Rxc8 Rxc8 26. bxa5 b5 27. Nxe3 Rc3 28. Rd7 1-0

[Event "Zipaquira la Sabana op 4th"]
[Site "Zipaquira"]
[Date "2015.11.14"]
[Round "2.3"]
[White "Guerrero, Hernando"]
[Black "Arango, Santiago"]
[Result "1-0"]
[WhiteElo "1830"]
[BlackElo "2064"]
[PlyCount "34"]
[EventDate "2015.11.13"]
[EventType "swiss"]
[EventRounds "7"]
[EventCountry "COL"]
[SourceTitle "EXT 2024"]
[Source "ChessBase"]
[SourceDate "2023.10.10"]
[SourceVersion "1"]
[SourceVersionDate "2023.10.10"]
[SourceQuality "1"]

1. e4 c5 2. Nf3 d6 3. d4 cxd4 4. Nxd4 Nf6 5. Nc3 g6 6. Be3 Bg7 7. f3 0-0 8. Qd2 Nc6 9. g4 Be6 10. 0-0-0 Rc8 11. Nxe6 fxe6 12. Bc4 Qd7 13. h4 Ne5 14. Be2 b5 15. Bxb5 Qb7 16. Be2 Nc4 17. Bxc4 Rxc4 1-0

[Event "Bogota University op 9th"]
[Site "Bogota"]
[Date "2015.10.10"]
[Round "6"]
[White "Arango, Santiago"]
[Black "Guzman Mendez, Roosevelt"]
[Result "1-0"]
[WhiteElo "2056"]
[BlackElo "1603"]
[PlyCount "75"]
[EventDate "2015.10.08"]
[EventType "swiss"]
[EventRounds "9"]
[EventCountry "COL"]
[SourceTitle "CBM 168 Extra"]
[Source "ChessBase"]
[SourceDate "2015.10.29"]
[SourceVersion "1"]
[SourceVersionDate "2015.10.29"]
[SourceQuality "1"]

1. d4 d5 2. Nf3 Nf6 3. c4 c6 4. g3 Bf5 5. Bg2 e6 6. 0-0 Bd6 7. Qb3 Qb6 8. c5 Qxb3 9. axb3 Bc7 10. Nc3 Nbd7 11. b4 0-0 12. b5 Rfe8 13. b4 Ne4 14. Nxe4 Bxe4 15. bxc6 bxc6 16. Ra6 Nb8 17. Ra3 a6 18. Bd2 Ra7 19. Rfa1 Rb7 20. Bc3 f6 21. e3 Bd3 22. Nd2 Bb5 23. e4 f5 24. exf5 exf5 25. Nf1 Nd7 26. Ne3 g6 27. Nxd5 Kf8 28. Bd2 cxd5 29. Bh6+ Ke7 30. Bxd5 Rbb8 31. Re1+ Kf6 32. Rae3 Rxe3 33. Rxe3 Nf8 34. h4 f4 35. Bg5+ Kf5 36. Re7 Re8 37. Rxc7 fxg3 38. fxg3 1-0

[Event "Bogota LAB Apertura op"]
[Site "Bogota"]
[Date "2014.01.18"]
[Round "7"]
[White "Piraquive, Alberto"]
[Black "Arango, Santiago"]
[Result "0-1"]
[WhiteElo "1954"]
[BlackElo "2055"]
[PlyCount "44"]
[EventDate "2014.01.11"]
[EventType "tourn"]
[EventRounds "9"]
[EventCountry "COL"]
[SourceTitle "EXT 2018"]
[Source "ChessBase"]
[SourceDate "2017.10.13"]
[SourceVersion "1"]
[SourceVersionDate "2017.10.13"]
[SourceQuality "1"]

1. e4 e5 2. Nf3 Nc6 3. Bb5 Bc5 4. 0-0 Nge7 5. d3 d6 6. Nc3 0-0 7. a3 Bg4 8. h3 Bxf3 9. gxf3 Nd4 10. Bc4 Ng6 11. Nd5 Qh4 12. Kg2 c6 13. Nc3 Rae8 14. Ne2 Ne6 15. Be3 Kh8 16. Qd2 Qh5 17. Rh1 Nh4+ 18. Kf1 Qxf3 19. Ng3 f5 20. Qe2 Qg2+ 21. Ke1 f4 22. Qg4 fxg3 0-1

[Event "Bogota LAB Apertura op"]
[Site "Bogota"]
[Date "2014.01.17"]
[Round "5"]
[White "Nieto, Guillermo Luigui"]
[Black "Arango, Santiago"]
[Result "1/2-1/2"]
[WhiteElo "1995"]
[BlackElo "2055"]
[PlyCount "86"]
[EventDate "2014.01.11"]
[EventType "tourn"]
[EventRounds "9"]
[EventCountry "COL"]
[SourceTitle "EXT 2018"]
[Source "ChessBase"]
[SourceDate "2017.10.13"]
[SourceVersion "1"]
[SourceVersionDate "2017.10.13"]
[SourceQuality "1"]

1. e4 e5 2. Nf3 Nc6 3. d4 exd4 4. Bc4 Bc5 5. c3 Nf6 6. cxd4 Bb4+ 7. Bd2 Nxe4 8. Bxb4 Nxb4 9. Bxf7+ Kxf7 10. Qb3+ d5 11. Qxb4 Re8 12. 0-0 Kg8 13. Nc3 a5 14. Qb3 Be6 15. Rfe1 Qd6 16. Rac1 Rf8 17. Nb5 a4 18. Qe3 Qb6 19. Nxc7 Rac8 20. Nxe6 Qxe6 21. h3 Qb6 22. Rxc8 Rxc8 23. Rc1 Rf8 24. b3 Qa5 25. bxa4 Qxa4 26. Qb3 Qxb3 27. axb3 Ra8 28. Rc2 h6 29. Ne5 Ra1+ 30. Kh2 Rd1 31. f3 Nd6 32. Rc7 Rxd4 33. Rd7 Nf5 34. Rxb7 Rd2 35. Rb8+ Kh7 36. Kg1 Ne3 37. g4 Rg2+ 38. Kh1 Rb2 39. h4 g5 40. Rb7+ Kg8 41. h5 Nf1 42. Ng6 Nd2 43. Ne5 Rxb3 1/2-1/2

[Event "Bogota LAB Apertura op"]
[Site "Bogota"]
[Date "2014.01.12"]
[Round "4"]
[White "Arango, Santiago"]
[Black "Nieto, Manuel Valerio Wald"]
[Result "0-1"]
[WhiteElo "2055"]
[BlackElo "2035"]
[PlyCount "40"]
[EventDate "2014.01.11"]
[EventType "tourn"]
[EventRounds "9"]
[EventCountry "COL"]
[SourceTitle "EXT 2018"]
[Source "ChessBase"]
[SourceDate "2017.10.13"]
[SourceVersion "1"]
[SourceVersionDate "2017.10.13"]
[SourceQuality "1"]

1. e4 c5 2. Nf3 g6 3. c4 Nc6 4. d4 cxd4 5. Nxd4 Nf6 6. Nxc6 bxc6 7. Nc3 d6 8. Bg5 Bg7 9. Qd2 Rb8 10. f3 Nd7 11. Rc1 Qa5 12. b3 Nc5 13. Be2 Rxb3 14. Nb5 Qxd2+ 15. Bxd2 Rb2 16. Bc3 Bxc3+ 17. Nxc3 Ba6 18. 0-0 0-0 19. Rb1 Rfb8 20. Kf2 Bxc4 0-1

[Event "Dosquebrad op"]
[Site "Dosquebrad"]
[Date "2013.06.20"]
[Round "3"]
[White "Arango, Santiago"]
[Black "Munoz Galvez, Jhon Edison"]
[Result "0-1"]
[WhiteElo "2073"]
[BlackElo "2196"]
[PlyCount "148"]
[EventDate "2013.06.19"]
[EventType "swiss"]
[EventRounds "7"]
[EventCountry "COL"]
[SourceTitle "CBM 155 Extra"]
[Source "ChessBase"]
[SourceDate "2013.08.26"]
[SourceVersion "1"]
[SourceVersionDate "2013.08.26"]
[SourceQuality "1"]

1. e4 e5 2. Nf3 Nc6 3. Bb5 a6 4. Ba4 Nf6 5. 0-0 Be7 6. Re1 b5 7. Bb3 d6 8. c3 0-0 9. h3 Nb8 10. d4 Nbd7 11. Nbd2 Bb7 12. Bc2 Re8 13. Nf1 Bf8 14. Ng3 g6 15. Nh2 Bg7 16. f4 Nb6 17. Nf3 Nfd7 18. Bb3 c5 19. fxe5 dxe5 20. Bg5 Qc7 21. d5 c4 22. Bc2 f6 23. Be3 Nc5 24. Qd2 Rad8 25. Qf2 Bf8 26. Rad1 Ncd7 27. Nh2 Bc5 28. Ng4 Rf8 29. Rf1 Bxe3 30. Qxe3 Qd6 31. Rf2 Nc8 32. Rdf1 Qe7 33. Bd1 Nd6 34. h4 h5 35. Nh2 Qh7 36. Bc2 Kg7 37. Nf3 Qh6 38. Qxh6+ Kxh6 39. Nd2 Kg7 40. Ra1 Nc5 41. b3 cxb3 42. axb3 Rc8 43. c4 Nd7 44. Bd3 Rc7 45. Ra5 Nc5 46. Be2 bxc4 47. bxc4 Bc8 48. Rf1 Ndb7 49. Ra3 Bd7 50. Rb1 a5 51. Rb6 a4 52. Bd1 Ra8 53. Ngf1 Na5 54. Ne3 Rb7 55. Rxb7 Naxb7 56. Nb1 Nd6 57. Nc3 Ndxe4 58. Nxe4 Nxe4 59. Bf3 Nc5 60. Nd1 Rb8 61. Nc3 Rb4 62. Be2 f5 63. Kf2 Kf6 64. Ke1 f4 65. Kd2 e4 66. Nb5 Rb2+ 67. Ke1 Ke5 68. Ra1 Bxb5 69. cxb5 Kxd5 70. Rd1+ Ke5 71. Bc4 Nd3+ 72. Bxd3 exd3 73. Ra1 Ke4 74. b6 Ke3 0-1

[Event "Manizales op 21st"]
[Site "Manizales"]
[Date "2009.01.10"]
[Round "5"]
[White "Burgos Apraez, Jhon Jairo"]
[Black "Arango, Santiago"]
[Result "1-0"]
[WhiteElo "1643"]
[BlackElo "1920"]
[PlyCount "48"]
[EventDate "2009.01.08"]
[EventType "swiss"]
[EventRounds "7"]
[EventCountry "COL"]
[SourceTitle "CBM 128 Extra"]
[Source "ChessBase"]
[SourceDate "2009.03.05"]
[SourceVersion "2"]
[SourceVersionDate "2009.03.25"]
[SourceQuality "1"]

1. e4 e5 2. Nf3 Nc6 3. d3 Nf6 4. Nbd2 d5 5. g3 dxe4 6. dxe4 Bg4 7. Bg2 Qd7 8. 0-0 0-0-0 9. Re1 h5 10. c3 h4 11. b4 hxg3 12. fxg3 Qd3 13. Qb3 Be6 14. Qb2 Rh5 15. Nf1 Be7 16. Bg5 Ng4 17. Bxe7 Nxe7 18. h3 Nh6 19. g4 Bxg4 20. hxg4 Nxg4 21. Rad1 Qb5 22. Rxd8+ Kxd8 23. Ne3 Qb6 24. Qd2+ Kc8 1-0